000 00292nam a2200121Ia 4500
008 190216s9999||||xx |||||||||||||| ||und||
100 _aNull
245 0 _a"Prevention Of Food Adultration Act ,1954"
260 _bCentral Book Depot
_c1985
300 _a148p
650 _aCommerce
942 _cBK
999 _c8329
_d8329